000 00918nmm a2200265 a 4500
001 ocm000940626
003 TR-IsHL
005 20201028150024.0
008 150110s2013 tu tur
007 cr cn
020 _a9786055101527
035 _a940626
_b(N$T)
050 0 4 _aZ177
_b.S69 2013
090 0 4 _aZ177
_b.S69 2013
100 1 _aSoydemir, Selman
245 1 0 _aHurufattan taş baskıya Osmanlı'da kitap basımı
_h[electronic resource] /
_cSelman Soydemir
260 _aİstanbul :
_bÇamlıca Basım Yayın,
_c2013
300 _a25 p.
650 4 _aGenel Çalışmalar
650 4 _aGeneral Works
650 0 _aMatbaacılık
_x Türkiye
_x Tarih
650 0 _aPrinting
_x Turkey
_x History
650 7 _aLANGUAGE ARTS & DISCIPLINES / Library & Information Science / General
_2bisacsh
856 4 0 _uhttp://search.ebscohost.com/login.aspx?direct=true&scope=site&db=e011xww&AN=940626
999 _c10253
_d10253